Poesía de trovadores, trouveres, minnesinger: de principio del siglo XII a fines del siglo XIII

Guardado en:
Detalles Bibliográficos
Autor principal: Alvar, Carlos (Autor)
Formato: Libro
Lenguaje:español
Publicado: Madrid Alianza 1982
Colección:Colección Alianza Tres, 99
Materias:
Etiquetas: Agregar Etiqueta
Sin Etiquetas, Sea el primero en etiquetar este registro!

MARC

LEADER 00000nam a2200000 a 4500
001 UCR6046
003 CL-VaPUC
008 980420e19820000SP |||||||||||||||||spa|d
082 0 4 |a 841  |b ALV  |2 21 
100 0 |a Alvar, Carlos  |e author  |9 407117 
245 1 0 |a Poesía de trovadores, trouveres, minnesinger: de principio del siglo XII a fines del siglo XIII 
300 |a 405 p 
942 |c BK 
945 |d 19980420 00:00:00  |a rleighto 
260 |a Madrid  |b Alianza  |c 1982 
650 0 |a Poesías francesas  |9 265467 
650 7 |a POESIAS JUGLARESCAS  |2 CL-VaPUC  |9 407118 
583 |a last modification  |c 19980420 00:00:00  |k Rodrigo Vera 
490 0 |a Colección Alianza Tres, 99 
999 |c 268359  |d 268357 
952 |0 0  |1 0  |4 0  |6 841_000000000000000_ALV_1982  |7 0  |8 A  |9 301443  |a BIBARQ  |b BIBARQ  |d 2019-11-20  |i 3436993  |o 841 ALV 1982  |p 3436993  |r 2025-01-20  |w 2019-11-20  |y BK  |k ARQ